Multiple Selections of Alternatives under Constraints Case Study of European Countries in Area of Research and Development

Rozhodovacie metódy s viacerými vlastnosťami. Aplikácia meód v hodnotení investičnej činnosti krajín EÚ do vedy a výskumu: počet patentových žiadosti, celkové výdavky na vedu a výskum, ľudské zdroje vo vede a technológii a zamestnanosť vo vedecky náročných aktivitách.

Gespeichert in:
Bibliographische Detailangaben
1. Verfasser: Furková, Andrea, 1975-
Format: Buchkapitel
Sprache:Englisch
Schlagworte:
Tags: Tag hinzufügen
Keine Tags, Fügen Sie das erste Tag hinzu!

MARC

LEADER 00000naa a2200000 4500
001 0200858
005 20240502083511.3
041 0 |a eng 
044 |a CZ 
245 1 0 |a Multiple Selections of Alternatives under Constraints  |b Case Study of European Countries in Area of Research and Development  |c Andrea Furková 
520 |a Rozhodovacie metódy s viacerými vlastnosťami. Aplikácia meód v hodnotení investičnej činnosti krajín EÚ do vedy a výskumu: počet patentových žiadosti, celkové výdavky na vedu a výskum, ľudské zdroje vo vede a technológii a zamestnanosť vo vedecky náročných aktivitách. 
610 2 0 |a rozhodovanie viackriteriálne 
610 2 0 |a financovanie vývoja 
610 2 0 |a efektívnosť vedy 
610 2 0 |a výdavky na vedu a výskum 
100 1 |a Furková, Andrea, 1975-